Instrumentation (Record no. 342379)

MARC details
000 -LEADER
fixed length control field 00490nam a2200169Ia 4500
008 - FIXED-LENGTH DATA ELEMENTS--GENERAL INFORMATION
fixed length control field 230718s9999 xx 000 0 und d
020 ## - INTERNATIONAL STANDARD BOOK NUMBER
International Standard Book Number 9789352300891
041 ## - LANGUAGE CODE
Language code of text/sound track or separate title eng
082 ## - DEWEY DECIMAL CLASSIFICATION NUMBER
Classification number 629.8
Item number RAJ
100 ## - MAIN ENTRY--PERSONAL NAME
Personal name Raju N.V.S.
245 ## - TITLE STATEMENT
Title Instrumentation
Remainder of title Operation, Measurement, Scope And Application Of Instruments
260 ## - PUBLICATION, DISTRIBUTION, ETC. (IMPRINT)
Date of publication, distribution, etc. 2016
Name of publisher, distributor, etc. BS Publications
300 ## - PHYSICAL DESCRIPTION
Extent 576
365 ## - TRADE PRICE
Currency code Rs.
Price amount 750.00
700 ## - ADDED ENTRY--PERSONAL NAME
Personal name Raju N.V.S.
906 ## - LOCAL DATA ELEMENT F, LDF (RLIN)
d O:0518509-Jul-2016B:IN 38103-Jul-2016
c INST
b 1875
Holdings
Withdrawn status Lost status Damaged status Not for loan Home library Current library Date acquired Vendor Budget Code Cost, normal purchase price Bill number Total Checkouts Full call number Barcode Date last seen Date last checked out Discount Cost, replacement price Bill Date Koha item type Original Barcode
        Cummins College of Engineering for Women Pune Cummins College of Engineering for Women Pune 09/07/2016 Pradeep Book Distributors INST 562.50 IN 381 1 629.8 CCEP-BK-53586 17/06/2025 05/06/2025 1875 750.00 03/07/2016 Books 053586